| 000 | 00720nam a22002057a 4500 | ||
|---|---|---|---|
| 999 |
_c13566 _d13566 |
||
| 003 | AR-CdUCM | ||
| 008 | 190415b ||||| |||| 00| 0 spa d | ||
| 040 |
_aMUNICIPALIDAD PROVINCIAL DEL CUSCO _cBIBLIOTECA MUNICIPAL DEL CUSCO |
||
| 082 |
_a910.8 / _bH93 / 1826 |
||
| 100 |
_aHumboldt, Al de _932028 |
||
| 245 |
_aViage a las relaciones equinocciales del nuevo continente : _bEnsayo político sobre el reino de la nueva España / |
||
| 260 |
_aParís : _c1826. |
||
| 300 |
_a368 paginas ; _c23 cm. |
||
| 505 | _aContenido :Ensayo político sobre el reino de la nueva España / | ||
| 650 |
_aEnsayo _9274 |
||
| 650 |
_aPolítico _97421 |
||
| 650 |
_aEspaña _9176 |
||
| 942 |
_2ddc _cLIBROS |
||
| 945 |
_arjall _d2019-04-15 |
||